000 00697nam a2200241 a 4500
008
020 _a0521314089 (pbk.)
049 _aMAIN
090 0 0 _aTA1750
100 1 _aGhatak, Ajoy.
245 1 0 _aOptical electronics /
_cAjoy Ghatak and K. Thyagarajan.
260 _aCambridge :
_bCambridge University Press,
_c1989.
300 _axii, 624 p. :
_bill. ;
_c25 cm.
500 _aIncludes index.
504 _aIncludes bibliographical references.
650 0 _aOptoelectronics.
700 1 _aThyagarajan, K.
907 _a.b10124433
_b29-05-13
_c02-06-04
003
005 20230123133726.0
040 _cNUST
942 _cBOOKS
_kTA1750
999 _c153561
_d153561